Maternidad y derechos reproductivos en América Latina /

Guardado en:
Bibliografiske detaljer
Hovedforfatter: Ríos, Gloria de los
Format: Texto
Fag:
Tags: Tilføj Tag
Ingen Tags, Vær først til at tagge denne postø!

MARC

LEADER 00000 a a2200000 04500
001 1164
003
040
100 |a Ríos, Gloria de los  
245 |a Maternidad y derechos reproductivos en América Latina /  |c Gloria de los Ríos 
650 |a PROCREACION ARTIFICIAL  
650 |a DERECHOS HUMANOS  
650 |a SALUD MATERNOINFANTIL  
773 |g número 9; páginas 51-60  
999 |c 29471  |d 29471